1022 1990 1332 1080 1665 1911 1360 1842 1458 1118 1275 1175 1952 1644 1252 1086 1660 1578 1273 1369 1327 1913 1318 1493 1758 1970 1036 1752 1770 1205 1594 1297 1368 1245 1533 1579 1893 1548 1245 1988 1652 1036 1101 1676 1183 1893 1173 1031 1064 1183 1890 1458 1254 1994 1046 1502 1938 1386 1327 1910 1943 1288 1993 1658 1595 1655 1603 1267 1118 1356 1242 1862 1397 1218 1309 1234 1932 1369 1842 1982 1868 1922 1749 1328 1449 1030 1544 1871 1140 1666 1218 1702 1422 1073 1097 1700 1691 1437 1810 BCNSPRNW ULIB Ver.6.0+V

เปลี่ยนเป็นภาษาไทย

Change to English
 แสดงรายละเอียดบรรณานุกรม
  กลับหน้าหลัก

Brief Record : Get Marc (ISO 2709) : E-mail record : QR code < ปิดหน้าต่าง
LEADER : 00000nam 2200000uu 4500
001    13399114928
003     ULIB
008    020711s2546 th a 000 0 tha d
020    ^a9743821783
050  4 ^aBJ1725^bส693ก
110    ^aสำนักงานคณะกรรมการอุดมศึกษา
245    ^aการศึกษา วิเคราะห์ สังเคราะห์ ภาพรวมจรรยาบรรณวิชาชีพในประเทศไทย /^cสำนักงานคณะกรรมการอุดมศึกษา
260    ^aกรุงเทพฯ :^bสำนักงานคณะกรรมการอุดมศึกษา,^c2546
300    ^a111 หน้า
650  7 จรรยาบรรณวิชาชีพ
650  7 จรรยาบรรณพยาบาล
945    ^p0^l0^i015826
999 ^a ทศพร
รายการนี้ยังไม่มีแท็ก
คุณยังไม่ได้ล็อกอิน คุณสามารถมีกิจกรรมร่วมกับเว็บไซต์ได้ แต่ต้องล็อกอินก่อน ::
  ล็อกอิน

รายการสื่อสารสนเทศ

ลำดับที่ ประเภท เลขเรียก/บาร์โค้ด สถานที่ สถานะ
- ไม่พบข้อมูล -

รายการใกล้เคียง
    ผู้แต่ง []

    หัวเรื่อง [จรรยาบรรณวิชาชีพ]
    หัวเรื่อง [จรรยาบรรณพยาบาล]

BibComment


ยังไม่เคยถูกคอมเมนท์

คอมเมนท์ทรัพยากรรายการนี้
  คอมเมนท์: การศึกษา วิเคราะ..


 Copyright 2026. Bcnsprnw @Library